Guess the Capital City from Flag 7 - Statistics

General Stats
  • This quiz has been taken 23 times
  • The average score is 14 of 20
Answer Stats
Picture Answer % Correct
Havana
89%
Ottawa
89%
Nicosia
83%
Paris
83%
Lima
78%
Riga
78%
Tbilisi
78%
Tripoli
78%
Mogadishu
72%
San Marino
72%
Santiago
72%
Kuwait City
67%
Malé
67%
Lusaka
56%
Mbabane, Lobamba
56%
N'Djamena
56%
Majuro
50%
Ngerulmud
50%
Paramaribo
50%
Banjul
39%
No matching quizzes found
Score Distribution
Percent of People with Each Score
Percentile by Number Answered
Your Score History
You have not taken this quiz